<?xml version="1.0" encoding="UTF-8"?>
<record
    xmlns:xsi="http://www.w3.org/2001/XMLSchema-instance"
    xsi:schemaLocation="http://www.loc.gov/MARC21/slim http://www.loc.gov/standards/marcxml/schema/MARC21slim.xsd"
    xmlns="http://www.loc.gov/MARC21/slim">

  <leader>03108nam a2200313 i 4500</leader>
  <controlfield tag="001">991061322328606706</controlfield>
  <controlfield tag="005">20250613080317.0</controlfield>
  <controlfield tag="008">250429e202502  spc||||  |||| 000 0 cat| </controlfield>
  <datafield tag="015" ind1=" " ind2=" ">
    <subfield code="a">LL2025</subfield>
    <subfield code="2">bnc</subfield>
  </datafield>
  <datafield tag="017" ind1=" " ind2=" ">
    <subfield code="a">DL B 1360-2025</subfield>
    <subfield code="b">Biblioteca de Catalunya</subfield>
  </datafield>
  <datafield tag="020" ind1=" " ind2=" ">
    <subfield code="a">9788434438392</subfield>
  </datafield>
  <datafield tag="040" ind1=" " ind2=" ">
    <subfield code="a">ES-BaBC</subfield>
    <subfield code="b">eng</subfield>
    <subfield code="e">rda</subfield>
    <subfield code="c">ES-BaBC</subfield>
  </datafield>
  <datafield tag="041" ind1="1" ind2=" ">
    <subfield code="a">spa</subfield>
  </datafield>
  <datafield tag="100" ind1=" " ind2=" ">
    <subfield code="a">Figueredo, Vincent M.,</subfield>
    <subfield code="e">author</subfield>
    <subfield code="9">25411</subfield>
  </datafield>
  <datafield tag="240" ind1="1" ind2="0">
    <subfield code="a">Curious history of the heart.</subfield>
    <subfield code="l">Spanish</subfield>
  </datafield>
  <datafield tag="245" ind1="1" ind2="3">
    <subfield code="a">La Curiosa historia del coraz&#xF3;n </subfield>
    <subfield code="b">: un viaje cultural i cient&#xED;fico </subfield>
    <subfield code="c">/ Vincent M. Figueredo ; traducci&#xF3;n de Xavier Gaillard</subfield>
  </datafield>
  <datafield tag="250" ind1=" " ind2=" ">
    <subfield code="a">First edtion</subfield>
  </datafield>
  <datafield tag="264" ind1=" " ind2="1">
    <subfield code="a">[Barcelona] :</subfield>
    <subfield code="b">Ariel,</subfield>
    <subfield code="c">2025</subfield>
  </datafield>
  <datafield tag="300" ind1=" " ind2=" ">
    <subfield code="a">294 pages:</subfield>
    <subfield code="b">illustrations ;</subfield>
    <subfield code="c">24 cm</subfield>
  </datafield>
  <datafield tag="500" ind1=" " ind2=" ">
    <subfield code="a">T&#xED;tol original: The Curious history of the heart : a cultural and scientific journey</subfield>
  </datafield>
  <datafield tag="504" ind1=" " ind2=" ">
    <subfield code="a">Biblioggraphy</subfield>
  </datafield>
  <datafield tag="520" ind1=" " ind2=" ">
    <subfield code="a">Un deslumbrante recorrido por el papel y el significado del coraz&#xF3;n en la filosof&#xED;a, la religi&#xF3;n, la ciencia y el arte, desde la cuna de la civilizaci&#xF3;n hasta la actualidad.

&#xBF;Qu&#xE9; misterios esconde el &#xF3;rgano m&#xE1;s simb&#xF3;lico del cuerpo humano? &#xBF;Por qu&#xE9; ha fascinado tanto a lo largo de la historia y sigue cautiv&#xE1;ndonos hoy en d&#xED;a? &#xBF;Sabemos realmente todo lo que es capaz de hacer? Desde los albores de la humanidad, el coraz&#xF3;n ha sido mucho m&#xE1;s que un &#xF3;rgano: ha latido como emblema de amor, fuerza vital y sabidur&#xED;a en culturas de todo el mundo. Aunque hoy comprendemos mejor su fisiolog&#xED;a y su funci&#xF3;n m&#xE9;dica, sigue intrig&#xE1;ndonos como s&#xED;mbolo eterno de emociones y memorias. Vincent M. Figueredo nos invita a una traves&#xED;a apasionante, desde antiguas creencias hasta los &#xFA;ltimos avances cient&#xED;ficos, revelando c&#xF3;mo este &#xF3;rgano define nuestra existencia y por qu&#xE9; contin&#xFA;a inspir&#xE1;ndonos. Una exploraci&#xF3;n cautivadora para entender el coraz&#xF3;n de una manera que nunca hab&#xED;as imaginado.</subfield>
  </datafield>
  <datafield tag="520" ind1=" " ind2=" ">
    <subfield code="a">A dazzling journey through the role and meaning of the heart in philosophy, religion, science, and art &#x2014; from the cradle of civilization to the present day.

What mysteries lie within the most symbolic organ of the human body? Why has it fascinated us throughout history and why does it continue to captivate us today? Do we truly understand everything it is capable of? Since the dawn of humanity, the heart has been far more than just an organ: it has pulsed as a symbol of love, life force, and wisdom in cultures across the globe. Although we now better understand its physiology and medical function, it still intrigues us as an eternal symbol of emotion and memory. Vincent M. Figueredo invites us on a thrilling journey, from ancient beliefs to the latest scientific breakthroughs, revealing how this organ shapes our very existence and why it continues to inspire us. A captivating exploration of the heart as you've never imagined it before.</subfield>
  </datafield>
  <datafield tag="586" ind1=" " ind2=" ">
    <subfield code="a">Winner of the Gold Award 2024, Nonfiction Book Awards.</subfield>
  </datafield>
  <datafield tag="650" ind1=" " ind2="0">
    <subfield code="a">Heart.</subfield>
    <subfield code="v">Popular science books</subfield>
  </datafield>
  <datafield tag="650" ind1=" " ind2="0">
    <subfield code="a">Cardiology</subfield>
    <subfield code="x">History</subfield>
    <subfield code="v">Popular science books</subfield>
  </datafield>
  <datafield tag="700" ind1=" " ind2=" ">
    <subfield code="a">Gaillard Pla, Xavier,</subfield>
    <subfield code="e">translator</subfield>
    <subfield code="9">25413</subfield>
  </datafield>
  <datafield tag="942" ind1=" " ind2=" ">
    <subfield code="2">lcc</subfield>
  </datafield>
  <datafield tag="952" ind1=" " ind2=" ">
    <subfield code="0">0</subfield>
    <subfield code="1">0</subfield>
    <subfield code="2">lcc</subfield>
    <subfield code="4">0</subfield>
    <subfield code="7">0</subfield>
    <subfield code="a">TBS</subfield>
    <subfield code="b">TBS</subfield>
    <subfield code="d">2025-06-13</subfield>
    <subfield code="l">0</subfield>
    <subfield code="o">RC672 FIG</subfield>
    <subfield code="p">B05762</subfield>
    <subfield code="r">2025-06-13</subfield>
    <subfield code="t">1</subfield>
    <subfield code="w">2025-06-13</subfield>
    <subfield code="y">1</subfield>
    <subfield code="z">WELL COLLECTION</subfield>
  </datafield>
  <datafield tag="999" ind1=" " ind2=" ">
    <subfield code="c">4728</subfield>
    <subfield code="d">4728</subfield>
  </datafield>
</record>
